Magnum Beneficium est Pax, sed Dei Veri Beneficium est (ciu., 3.9). Augustine’s Realism, Strategy, and Insight into Human Motives as a Prelude to Peace at all Levels of Human Existence (Record no. 22599)

MARC details
000 -LEADER
fixed length control field 00709nam a2200145Ia 4500
008 - FIXED-LENGTH DATA ELEMENTS--GENERAL INFORMATION
fixed length control field 220620s9999||||xx |||||||||||||| ||und||
020 ## - INTERNATIONAL STANDARD BOOK NUMBER
International Standard Book Number 9789590000000
100 ## - MAIN ENTRY--PERSONAL NAME
Personal name van Geest, Paul
245 #0 - TITLE STATEMENT
Title Magnum Beneficium est Pax, sed Dei Veri Beneficium est (ciu., 3.9). Augustine’s Realism, Strategy, and Insight into Human Motives as a Prelude to Peace at all Levels of Human Existence
546 ## - LANGUAGE NOTE
Language note English[eng]
650 ## - SUBJECT ADDED ENTRY--TOPICAL TERM
Topical term or geographic name entry element Augustine||leadership||mystagogy||patristics||politics||rationality||religion
700 ## - ADDED ENTRY--PERSONAL NAME
Personal name Dupont, Anthony||Eguiarte Bendímez, Enrique||Alberto Villabona Vargas, Carlos
856 ## - ELECTRONIC LOCATION AND ACCESS
Uniform Resource Identifier <a href="https://editorial.uniagustiniana.edu.co/index.php/editorial/catalog/book/34">https://editorial.uniagustiniana.edu.co/index.php/editorial/catalog/book/34</a>
942 ## - ADDED ENTRY ELEMENTS (KOHA)
Koha item type E-Books
Holdings
Withdrawn status Lost status Damaged status Not for loan Home library Current library Date acquired Total Checkouts Date last seen Price effective from Koha item type
        Kerala University of Digital Sciences, Innovation and Technology Knowledge Centre Kerala University of Digital Sciences, Innovation and Technology Knowledge Centre 20/06/2022   20/06/2022 20/06/2022 E-Books